000 01629nam a2200253Ia 4500
003 Ost
005 20260507075411.0
008 260507s9999||||xx |||||||||||||| ||und||
020 _a9951146111
040 _cfsecg
041 _aara
082 _a600
100 _aالرجبي، محمد تيسيرعبد الحكيم
_eمؤلف
245 0 _aمبادئ محاسبة التكاليف /
_c محمد تيسيرعبد الحكيم الرجبي
250 _aطبعة 3
260 _aعمان:
_bدار وائل,
_c2004
300 _a438 صفحة؛
_bإيضاحات ؛
_c24 سم
504 _aالمراجع ص.435
520 _aيضم التعريف بمحاسبة التكاليف، طبيعة وتصنيفات التكاليف، محاسبة تكاليف الأوامر الإنتاجية، محاسبة المراحل الإنتاجية، التالف والفاقد والوحدات المعيبة والخردة، التكاليف الصناعية غير المباشرة، تكاليف المنتجات الرئيسية والمنتجات الفرعية، نظام تكاليف الأنشطة، طرق تحميل التكاليف الكلية والمتغيرة، التكاليف المعيارية للمواد والأجور والأعباء الإضافية، التكاليف المعيارية.الدورة المحاسبية، مواضع خاصة في تحليل انحرافات التكاليف، تحليل انحرافات الايرادات
653 _aالادارة المالية
653 _aالتكاليف المعيارية
653 _aمحاسبة التكاليف
942 _cكتاب
999 _c44412
_d44412